| 000 | 00781nam a2200217Ii 4500 | ||
|---|---|---|---|
| 003 | JO-AjNU | ||
| 008 | 230605s9999||||xx |||||||||||||| ||und|| | ||
| 017 | _a1999/10404 | ||
| 020 | _a977-200-268-1 | ||
| 040 |
_aJO-AjNU _bara _erda _cJO-AjNU |
||
| 041 | _aara | ||
| 050 | 1 | 4 | _aGV706.4.B236 1999 |
| 100 | 3 |
_a باهي، مصطفى حسين، م.مشارك جاد، سمير عبد القادر, _eauthor _940227 |
|
| 245 | 0 | 0 | _aسيكولوجية التفوق الرياضي: تنمية المهارة العقلية |
| 264 | 3 | 1 | _aالقاهرة: مكتبة النهضة المصرية، 1999 |
| 300 | _a158ص | ||
| 336 |
_atext _btxt _2rdacontent |
||
| 337 |
_aunmediated _bn _2rdamedia |
||
| 338 |
_avolume _bnc _2rdacarrier |
||
| 650 | 4 |
_aالتفوق الرياضي _940228 |
|
| 999 |
_aA17053 _c20621 _d20621 |
||